000
00300nam a22001457a 4500
008
210511b ||||| |||| 00| 0 eng d
020
_a
1555466761
041
_a
eng
080
_a
61
082
_a
61
100
_a
4
101
_a
SHM
245
_a
Medical Researcher
_c
Sabin,F
942
_2
udc
_c
BK
999
_c
57204
_d
57204